| 000 | 00491nam a2200121Ia 4500 | ||
|---|---|---|---|
| 003 | GCL | ||
| 008 | 140319s9999 xx 000 0 ara d | ||
| 040 |
_aGCL / _cGCL |
||
| 082 | 0 | 4 |
_aق _b748.2 _bس ر |
| 100 | 1 | _aسمية حسن محمد ابراهيم (اعداد) | |
| 245 | 1 | 0 |
_aروائع زجاج بوهيميا فى متحف الفن الاسلامى بالقاهرة / _cسمية حسن محمد ابراهيم (اعداد) |
| 490 |
_aسلسلة دراسات عن الشرق الاوسط _v0 |
||
| 999 |
_c47531 _d47531 |
||